[Event "Unive Matches 2014"]
[Site "Hoogeveen, Netherlands"]
[Date "2014.10.13"]
[Round "2.1"]
[White "Giri, Anish"]
[Black "Shirov, Alexei"]
[Result "1-0"]
[LiveChessVersion "1.4.4"]
[BlackElo "2691"]
[WhiteElo "2768"]

1. d4 {[%clk 1:30:57]} d5 {[%clk 1:30:53]} 2. c4 {[%clk 1:31:10]} c6
{[%clk 1:31:18]} 3. Nc3 {[%clk 1:30:53]} Nf6 {[%clk 1:31:42]} 4. e3
{[%clk 1:30:30]} e6 {[%clk 1:31:40]} 5. Nf3 {[%clk 1:30:49]} Nbd7
{[%clk 1:32:04]} 6. Qc2 {[%clk 1:29:47]} Bd6 {[%clk 1:32:03]} 7. Bd3
{[%clk 1:29:59]} O-O {[%clk 1:32:24]} 8. O-O {[%clk 1:30:26]} dxc4
{[%clk 1:32:50]} 9. Bxc4 {[%clk 1:30:50]} b5 {[%clk 1:33:17]} 10. Be2
{[%clk 1:27:06]} Bb7 {[%clk 1:32:26]} 11. e4 {[%clk 1:27:06]} e5 {[%clk 1:32:17]}
12. dxe5 {[%clk 1:14:06]} Nxe5 {[%clk 1:31:17]} 13. Nd4 {[%clk 1:11:40]} Neg4
{[%clk 1:31:35]} 14. g3 {[%clk 1:12:04]} Bc5 {[%clk 1:31:59]} 15. Nf5
{[%clk 1:12:11]} Re8 {[%clk 1:32:24]} 16. Bf4 {[%clk 1:09:11]} Qb6
{[%clk 1:32:43]} 17. Kg2 {[%clk 1:05:30]} Nxf2 {[%clk 1:32:51]} 18. e5
{[%clk 1:05:26]} Nd7 {[%clk 1:33:07]} 19. b4 {[%clk 1:05:14]} Bxb4
{[%clk 1:33:23]} 20. Rxf2 {[%clk 1:05:42]} Nxe5 {[%clk 1:33:21]} 21. Ne4
{[%clk 1:06:10]} c5 {[%clk 1:30:18]} 22. Kf1 {[%clk 1:06:36]} Bxe4
{[%clk 1:19:50]} 23. Qxe4 {[%clk 1:06:11]} Ng6 {[%clk 1:19:42]} 24. Qd5
{[%clk 1:06:36]} Nxf4 {[%clk 1:14:06]} 25. Ne7+ {[%clk 1:06:35]} Kh8
{[%clk 1:14:18]} 26. Rxf4 {[%clk 1:06:58]} c4 {[%clk 1:09:09]} 27. Nc6
{[%clk 0:56:37]} Bc3 {[%clk 0:47:30]} 28. Rb1 {[%clk 0:28:30]} Rac8
{[%clk 0:47:04]} 29. Bf3 {[%clk 0:27:31]} Qa6 {[%clk 0:47:07]} 30. Re4
{[%clk 0:26:28]} Qxa2 {[%clk 0:43:16]} 31. Rxb5 {[%clk 0:16:25]} Qxh2
{[%clk 0:38:00]} 32. Qd7 {[%clk 0:16:38]} Rf8 {[%clk 0:38:25]} 33. Rh4
{[%clk 0:09:43]} Qc2 {[%clk 0:38:37]} 34. Rxh7+ {[%clk 0:03:14]} Qxh7
{[%clk 0:37:16]} 35. Rh5 {[%clk 0:03:43]} Qxh5 {[%clk 0:37:31]} 36. Bxh5
{[%clk 0:04:12]} g6 {[%clk 0:27:04]} 37. Be2 {[%clk 0:04:39]} Kg7
{[%clk 0:25:52]} 38. Bxc4 {[%clk 0:05:03]} Rce8 {[%clk 0:25:49]} 39. Qxa7
{[%clk 0:04:12]} Bf6 {[%clk 0:24:19]} 40. Qd7 {[%clk 0:02:56]} Re3
{[%clk 0:23:38]} 41. Kg2 {[%clk 0:22:23]} Rc3 {[%clk 0:50:47]} 42. Qd5
{[%clk 0:22:50]} Re3 {[%clk 0:44:34]} 43. Kf2 {[%clk 0:22:58]} Ree8
{[%clk 0:40:15]} 44. Qd7 {[%clk 0:22:30]} Re4 {[%clk 0:39:44]} 45. Bd5
{[%clk 0:22:02]} Ree8 {[%clk 0:40:03]} 46. Qc7 {[%clk 0:19:45]} Rc8
{[%clk 0:39:45]} 47. Qb7 {[%clk 0:20:12]} Rce8 {[%clk 0:39:24]} 48. Qd7
{[%clk 0:20:21]} Ra8 {[%clk 0:39:21]} 49. Bc4 {[%clk 0:19:22]} Rae8
{[%clk 0:39:10]} 50. Kf3 {[%clk 0:19:01]} Re1 {[%clk 0:37:34]} 51. Qd5
{[%clk 0:17:15]} Re6 {[%clk 0:37:21]} 52. Qd7 {[%clk 0:17:06]} Re1
{[%clk 0:37:47]} 53. g4 {[%clk 0:17:13]} Bg5 {[%clk 0:36:29]} 54. Qd5
{[%clk 0:17:02]} f5 {[%clk 0:25:45]} 55. Ne5 {[%clk 0:13:43]} fxg4+
{[%clk 0:18:45]} 56. Kg2 {[%clk 0:14:01]} Be3 {[%clk 0:13:28]} 57. Qd7+
{[%clk 0:13:09]} Kh6 {[%clk 0:13:52]} 58. Nxg4+ {[%clk 0:12:04]} Kh5
{[%clk 0:13:14]} 59. Nf6+ {[%clk 0:10:07]} Rxf6 {[%clk 0:13:16]} 60. Qh3+
{[%clk 0:10:33]} Kg5 {[%clk 0:13:40]} 61. Qg3+ {[%clk 0:11:02]} Kh6
{[%clk 0:12:11]} 62. Qxe1 {[%clk 0:11:06]} Bf4 {[%clk 0:12:36]} 63. Qh4+
{[%clk 0:07:56]} Kg7 {[%clk 0:13:02]} 64. Bg8 {[%clk 0:08:02]} Bh6
{[%clk 0:12:48]} 65. Qd4 {[%clk 0:08:30]} Bf4 {[%clk 0:13:06]} 66. Be6
{[%clk 0:08:42]} Bb8 {[%clk 0:11:50]} 67. Kh3 {[%clk 0:06:48]} Bf4
{[%clk 0:12:13]} 68. Qd7+ {[%clk 0:07:04]} Kh6 {[%clk 0:12:39]} 69. Bg8
{[%clk 0:07:23]} Be3 {[%clk 0:06:55]} 70. Qh7+ {[%clk 0:06:06]} Kg5
{[%clk 0:07:21]} 71. Bd5 {[%clk 0:05:34]} Bf2 {[%clk 0:07:08]} 72. Qe7
{[%clk 0:05:14]} Bd4 {[%clk 0:07:32]} 73. Be4 {[%clk 0:04:27]} Kf4
{[%clk 0:07:45]} 74. Bc2 {[%clk 0:04:07]} Be5 {[%clk 0:08:01]} 75. Qb4+
{[%clk 0:04:32]} Ke4 1-0